000 00534nam a22001937a 4500
005 20251108164141.0
008 250721s2000 xx 000 0 ara d
082 1 4 _a492.407/كما
100 1 _aكمال، ربحي
245 1 0 _aدروس اللغة العبرية /
250 _aط4.
264 1 _aبيروت :
_bدار العلم للملايين،
_c2000.
300 _a603ص
650 1 7 _aاللغات السامية
650 1 7 _aاللغة العبرية
650 1 7 _aالتعلم
942 _2ddc
_cBK
999 _c4902
_d4902